| 000 | 00372nam a2200145Ia 4500 | ||
|---|---|---|---|
| 008 | 191201s2012 xx 000 0 und d | ||
| 020 | _a9789390727353 | ||
| 082 |
_a510 _bROD |
||
| 100 | _aROSEN, Kenneth | ||
| 245 | 0 | _aDiscrete Mathematics and its Application | |
| 250 | _a8th Rep. | ||
| 260 |
_c2019 _bMc Graw Hill _aChennai |
||
| 300 | _a1068+MISC | ||
| 942 |
_2ddc _cBK |
||
| 999 |
_c12996 _d12996 |
||